| 000 | 00682nam a2200205 i 4500 | ||
|---|---|---|---|
| 003 | IT-RoINE | ||
| 005 | 20190502055628.0 | ||
| 008 | 960922s1913 sp r | spa d | ||
| 040 | _aIT-RoINE | ||
| 245 | 1 | 0 | _aReglamento de la Academia Española de Bellas Artes en Roma. |
| 260 |
_aMadrid : _bImprenta de Ministerio de Estado, _c1913. |
||
| 300 |
_a42 p. ; _c23 cm. |
||
| 336 |
_2rdacontent _atext |
||
| 337 |
_2rdamedia _aunmediated |
||
| 338 |
_2rdacarrier _avolume |
||
| 500 | _aPrecede al tít.: Ministerio de Estado. | ||
| 610 | 2 | 4 |
_aAcademia Española de Bellas Artes en Roma (Italia) _vReglamentos _959236 |
| 710 | 1 |
_916127 _aEspaña. _bMinisterio de Estado |
|
| 942 | _cMTS | ||
| 999 |
_c30217 _d30217 |
||